Trăm năm truyện Thăng Long Hà Nội /

Wedi'i Gadw mewn:
Manylion Llyfryddiaeth
Prif Awdur: Nguyễn Siêu Hải, 1924-
Fformat: Sách giấy
Iaith:Vietnamese
Cyhoeddwyd: H. : Thanh niên, 2004
Rhifyn:In lần thứ hai có sửa chữa bổ sung
Pynciau:
Tagiau: Ychwanegu Tag
Dim Tagiau, Byddwch y cyntaf i dagio'r cofnod hwn!
Thư viện lưu trữ: Thư viện Trường Đại học Đà Lạt
LEADER 00721nam a2200289 4500
001 DLU040029503
005 ##20041006
040 # # |a DLU  |b vie 
041 # # |a vie 
044 # # |a vn 
082 # # |a 895.922 803  |b NG-H 
100 # # |a Nguyễn Siêu Hải,  |b 1924- 
245 # # |a Trăm năm truyện Thăng Long Hà Nội /  |c Nguyễn Siêu Hải 
250 # # |a In lần thứ hai có sửa chữa bổ sung 
260 # # |a H. :  |b Thanh niên,  |c 2004 
300 # # |a 390 tr. ;  |c 19 cm 
651 # # |a Hà Nội 
923 # # |a 30/2004 
992 # # |a 40.000 
994 # # |a DLU 
900 # # |a True 
911 # # |a Đào Thị Thu Huyền 
925 # # |a G 
926 # # |a A 
927 # # |a SH 
980 # # |a Thư viện Trường Đại học Đà Lạt